书目信息 |
| 题名: |
非完整系统力学基础
|
|
| 作者: | 梅风翔 著 | |
| 分册: | ||
| 出版信息: | 北京 北京工业学院出版社 1985 |
|
| 页数: | 463页 | |
| 开本: | 26cm | |
| 丛书名: | ||
| 单 册: | ||
| 中图分类: | O316 | |
| 科图分类: | ||
| 主题词: | 分析力学 | |
| 电子资源: | ||
| ISBN: | ||
| 000 | 00618nam0 2200229 45 | |
| 001 | 0185009972 | |
| 005 | 20041118105709.1 | |
| 010 | @dCNY6.60 | |
| 091 | @a13434.7 | |
| 100 | @a19900904d1985 em y0chiy0121 ea | |
| 101 | 0 | @achi |
| 102 | @aCN@b110000 | |
| 105 | @ay z 000yy | |
| 200 | 10 | @a非完整系统力学基础@Afei wan zheng xi tong li xue ji chu@f梅风翔著@FMeiFeng Xiang Zhu |
| 210 | @a北京@c北京工业学院出版社@d1985 | |
| 215 | @a463页@d26cm | |
| 606 | 0 | @a分析力学 |
| 690 | @aO316@v3 | |
| 701 | 0 | @a梅风翔@4著 |
| 801 | 0 | @aCN@b深圳图书馆@c20040630 |
| 801 | 2 | @aCN@bNLC@c20040630 |
| 905 | @dO316@e8@f1@b149842 | |
| 非完整系统力学基础/梅风翔著.-北京:北京工业学院出版社,1985 |
| 463页;26cm |
| ISBN :CNY6.60 |
| ● |
| 相关链接 |
|
|
|
|
正题名:非完整系统力学基础
索取号:O316/8
 
预约/预借
| 序号 | 登录号 | 条形码 | 馆藏地/架位号 | 状态 | 备注 |
| 1 | 0149841 | 001936463 | 第三借阅区/ [索取号:O316/8] | 在馆 | |
| 2 | 0149842 | 000384532 | 第三借阅区/ [索取号:O316/8] | 在馆 | |
| 3 | 0149843 | 202098112 | 第二样本阅览室/ [索取号:O316/8] | 在馆 |